Statistics for Songs by Artist Click Quiz #4

Click here to take the quiz!

General Stats

  • This quiz has been taken 69 times
  • The average score is 18 of 30

Answer Stats

HintAnswer% Correct
Sk8er BoiAvril Lavigne
92%
Stairway to HeavenLed Zeppelin
92%
Like a PrayerMadonna
86%
VogueMadonna
84%
Black DogLed Zeppelin
80%
Whole Lotta LoveLed Zeppelin
80%
Lucy in the Sky with DiamondsThe Beatles
80%
ComplicatedAvril Lavigne
78%
Help!The Beatles
78%
GirlfriendAvril Lavigne
76%
A Day in the LifeThe Beatles
75%
KashmirLed Zeppelin
71%
Please Please MeThe Beatles
71%
Who Wants to Live ForeverQueen
69%
Gimme MoreBritney Spears
67%
Norwegian Wood (This Bird Has Flown)The Beatles
67%
WomanizerBritney Spears
57%
What the HellAvril Lavigne
55%
CircusBritney Spears
55%
Hung UpMadonna
53%
These Are the Days of Our LivesQueen
51%
Seven Seas of RhyeQueen
51%
Love of My LifeQueen
45%
Keep Yourself AliveQueen
45%
Good Times Bad TimesLed Zeppelin
39%
I'm with YouAvril Lavigne
37%
Piece of MeBritney Spears
33%
4 MinutesMadonna
29%
3Britney Spears
24%
Give Me All Your Luvin'Madonna
8%

Score Distribution

Percentile by Number Answered

Percent of People with Each Score

Your Score History

You have not taken this quiz